Sports Quiz

Random Sports Quiz

Formula One: Singapore Grand Prix since 2008 Quiz Stats

 Plays Quiz not verified by Sporcle

Also try: Sports Lingo
Challenge
Share
Tweet
Embed
Score 0/66 Timer 04:00
0 Plays Today
Hint Answer % Correct
2008Lewis Hamilton
98.9%
2009Lewis Hamilton
98.9%
2014Lewis Hamilton
98.9%
2011Lewis Hamilton
98.9%
2013Lewis Hamilton
98.9%
2008Fernando Alonso
97.8%
2008Sebastian Vettel
97.8%
2009Sebastian Vettel
97.8%
2009Fernando Alonso
97.8%
2010Fernando Alonso
97.8%
2010Sebastian Vettel
97.8%
2011Sebastian Vettel
97.8%
2011Fernando Alonso
97.8%
2012Sebastian Vettel
97.8%
2012Fernando Alonso
97.8%
2013Sebastian Vettel
97.8%
2013Fernando Alonso
97.8%
2014Sebastian Vettel
97.8%
2014Fernando Alonso
97.8%
2009Jenson Button
95.7%
2010Jenson Button
95.7%
2011Jenson Button
95.7%
2012Jenson Button
95.7%
2013Jenson Button
95.7%
2010Felipe Massa
94.6%
2011Felipe Massa
94.6%
2012Felipe Massa
94.6%
2013Felipe Massa
94.6%
2014Felipe Massa
94.6%
2008Nico Rosberg
93.5%
2010Mark Webber
93.5%
2010Nico Rosberg
93.5%
2011Mark Webber
93.5%
Hint Answer % Correct
2011Nico Rosberg
93.5%
2012Nico Rosberg
93.5%
2013Nico Rosberg
93.5%
2012Kimi Raikkonen
90.3%
2013Kimi Raikkonen
90.3%
2014Kimi Raikkonen
90.3%
2012Daniel Ricciardo
83.9%
2014Daniel Ricciardo
83.9%
2009Rubens Barrichello
82.8%
2010Rubens Barrichello
82.8%
2010Nico Hulkenberg
78.5%
2011Sergio Perez
78.5%
2012Sergio Perez
78.5%
2013Sergio Perez
78.5%
2013Nico Hulkenberg
78.5%
2014Sergio Perez
78.5%
2014Nico Hulkenberg
78.5%
2008Nick Heidfeld
75.3%
2010Adrian Sutil
75.3%
2011Adrian Sutil
75.3%
2013Adrian Sutil
75.3%
2012Romain Grosjean
74.2%
2009Robert Kubica
73.1%
2010Robert Kubica
73.1%
2008David Coulthard
71%
2009Heikki Kovalainen
67.7%
2014Kevin Magnussen
66.7%
2008Timo Glock
64.5%
2009Timo Glock
64.5%
2011Paul di Resta
64.5%
2012Paul di Resta
64.5%
2014Jean-Eric Vergne
64.5%
2008Kazuki Nakajima
53.8%

You're not logged in!

Compare scores with friends on all Sporcle quizzes.
Join for Free
OR
Log In

You Might Also Like...

Show Comments

Extras

Top Quizzes Today


Score Distribution

Your Account Isn't Verified!

In order to create a playlist on Sporcle, you need to verify the email address you used during registration. Go to your Sporcle Settings to finish the process.

Report this User

Report this user for behavior that violates our Community Guidelines.

Details: